|
|
|
|
| LEADER |
00643nam a22001577a 4500 |
| 020 |
|
|
|a 9780000193971
|
| 082 |
|
|
|a 929.1
|b MAR/A
|
| 100 |
|
|
|a മേരികുട്ടി
|
| 245 |
|
|
|a അടുക്കളയിൽനിന്ന് കിചണിലേക്ക്
|
| 260 |
|
|
|a Kottayam:
|b Sahitya pravathaka sahakarana sangham,
|c 2013
|
| 300 |
|
|
|a 103p.
|
| 650 |
|
|
|a Adukkalayilninnu kichanilekku
|a Memories of an housewife
|a Malayalam literature
|
| 700 |
|
|
|a Marrykutty
|
| 942 |
|
|
|c BK
|
| 999 |
|
|
|c 38037
|d 38037
|
| 952 |
|
|
|0 0
|1 0
|4 0
|6 929_100000000000000_MARA
|7 0
|8 Stack
|9 40258
|a KUCL
|b KUCL
|c M
|d 2016-01-30
|l 0
|o 929.1 MAR/A
|p 37507
|r 2016-01-30
|w 2016-01-30
|y BK
|